00397nam a2200133Ia 450000500170000000800460001703700290006304000210009204100130011308400210012624500380014726000690018530000090025420250508151528.0008 250505s9999 xx 000 0 hin d aBooks to be hide in OPAC aFEDL bengcFEDL ahin2hin a371.4, JLLqFEDL 0aBasic schoolo mein samajik vishya aAllahabad, IndiabGovernment Central Pedagogical Institutec1953 a64p.